| 000 | 00546nam a2200229Ia 4500 | ||
|---|---|---|---|
| 008 | 210210b2003 xxu||||| |||| 00| 0 eng d | ||
| 020 | _a81229000011 | ||
| 041 | _aeng | ||
| 082 | _a659.2 HENM | ||
| 100 | _aHENRY (Rene A) | ||
| 245 | _aMarketing public relations: that make it work | ||
| 260 |
_aDelhi _bSurjeet Publications _c2003 |
||
| 300 | _axiv,281 | ||
| 650 | _awork | ||
| 650 | _athat | ||
| 650 | _arelations | ||
| 650 | _apublic | ||
| 650 | _aMarketing | ||
| 650 | _amake | ||
| 690 | _aPublic Relations | ||
| 906 | _a073684 | ||
| 999 |
_c123423 _d123423 |
||